Position of European Countries on Map - Chain Game #2 - Statistics

General Stats
  • This quiz has been taken 1,704 times
  • The average score is 14 of 15
Answers on the Map
Answers color-coded by a green-red scale on the quiz's map according to % correct below.
 
Answer Stats
Country % Correct
Sweden
100%
Ireland
98%
Bosnia and
Herzegovina
95%
Spain
94%
Romania
93%
Austria
92%
Norway
92%
Slovakia
90%
Albania
89%
Switzerland
88%
Estonia
87%
Italy
87%
Russia
87%
Germany
86%
Belgium
85%
No matching quizzes found
Score Distribution
Percent of People with Each Score
Percentile by Number Answered
Your Score History
You have not taken this quiz